Statistics for The Most Expensive Serie A Transfers

Click here to take the quiz!

General Stats

  • This quiz has been taken 25 times
  • The average score is 9 of 15

Answer Stats

Fee (€)SeasonDestinationPlayer% Correct
117m18/19JuventusCristiano Ronaldo
100%
90m16/17JuventusGonzalo Higuaín
96%
74m19/20InterRomelu Lukaku
96%
85.5m19/20JuventusMatthijs de Ligt
88%
72m20/21JuventusArthur
71%
70m20/21NapoliVictor Osimhen
67%
52.88m01/02JuventusGianluigi Buffon
58%
56.81m00/01LazioHernán Crespo
58%
46.48m99/00InterChristian Vieri
54%
42m17/18AC MilanLeonardo Bonucci
54%
45m01/02JuventusPavel Nedved
54%
41.32m01/02AC MilanRui Costa
54%
48m01/02LazioGaizka Mendieta
29%
40.40m18/19JuventusJoão Cancelo
21%
42m18/19AS RomaPatrik Schick
17%

Score Distribution

Percentile by Number Answered

Percent of People with Each Score

Your Score History

You have not taken this quiz